00743nam a22001937a 4500999001900000005001700019010001500036020002600051035001400077037001300091082001200104100002500116245011000141260004500251270006700296300002500363942002600388952013500414 c170039d17003920220323143152.0 aENG-127053 c995.00a9780199494620 aEN-110585 bDBAD/PUB a320.095 aThomas, Pradip Ninan aThe Politcs of Digtal India:bBetween Local Compulsions and Transnational Pressures/cPradip Ninan Thomas aNew DelhibOxford University Pressc2019 a22 Workspace, 2nd Floor, 1/22 Asaf Ali RoadbNew Delhie110002 axi, 231p.c22cm(hbk) 2ddccENh320.095mTHO 001040708NFICaLbLd2019-12-10eDBAD/PUBg995.00l2m1o320.095 THOpEN-110585r2023-05-11 00:00:00s2023-05-01t1v995.00yEN